000 00474nam a2200181Ia 4500
001 25152
005 20260414151131.0
008 260414t2002||||xx |||||||||||||| ||spa||
041 _aESP
082 _a346.24
_bF41
100 _aFernández González, Begoña
_eAUT
245 0 _aEl matrimonio y los hijos :
_bcien preguntas clave y sus respuestas
260 _c2002
300 _a254 páginas :
_c23 cm.
650 _aDER
654 _aCDE
942 _cLIB
_dJUS
_fJUS
_2ddc
_n
999 _c25152
_d25152